Jak nazywa się to słowo po Angielsku (poziom łatwy) - Statystyki

Ogólne statystyki
  • Ten quiz został rozwiązany 99 razy
  • Średni wynik to 9 z 10
Statystyki odpowiedzi
Zagadnienie Odpowiedź % Poprawnych
Jak się mówi Do Widzenia po angielsku Goodbye
100%
Jak się mówi Jak Się Masz po Angielsku How are you
100%
Jak się mówi Przepraszam po Angielsku I'm Sorry
100%
Jak się mówi Angielski po Angielsku English
94%
Jak się mówi Dzień Dobry po Angielsku Good Morning
94%
Jak się mówi Dobranoc po angielsku Goodnight
94%
Jak się mówi Dziękuje po angielsku Thank You
94%
Jak się mówi Witaj po angielsku Welcome
94%
Jak się mówi Proszę po angielsku Please
89%
Jak się mówi Cześć po angielsku Hello
67%
Nie znaleziono quizów pasujących do podanych kryteriów
Rozkład punktacji
Procent ludzi z każdym wynikiem
Percentyl według liczby udzielonych odpowiedzi
Twoja historia wyników
Nie rozwiązałeś tego quizu